zpět

Detail výsledku týmu

Bar U Souseda, Plzeň

Datum a čas kvízu

26 Celkem bodů Celkový počet nahraných bodů na tomto kvízu bez doplňovacích otázek.
4. Pořadí na kvízu Konečné umístění týmu na tomto kvízu.

Zaznamenané odpovědi

# Otázka Odpověď Body Výsledky
1. Škodu ve výši cca půl milionu... Tanvaldský Špičák 0
2. Polská policie v pondělí v šes... svatozář v barvách duhy 0
3. V Třeboni se minulý týden kona... animovanému filmu 1
4. Minulý týden představil Google... Pixel 0
5. Jak jistě víte, v pátek začalo... Švýcarsko 0
6. Toto téma jste si vybrali Vy s... Philip Zimbardo 0
7. Na konci 30. let 20. století b... C 1
8. Takzvaný Dunningův–Krugerův ef... A D 1
9. Solomon Asch v roce 1951 ve sv... čáry 0
10. Psychologické experimenty se n... B 1